000 00318 a2200157 4500
001 186641
020 _a978-85-61167-04-2
040 _cMagnum
100 _aCoelho, Ronaldo Simões
240 1 0 _aBichos
_lpor
245 1 0 _aBichos
300 _a44
362 0 _a2009
697 _aLITERATURA INFANTO
942 _cBK
999 _c186641
_d186641